LEADER 01308nam a2200301 a 4500 001 000000167552 003 CaOOAMICUS 005 20180507152856.0 008 180507s1996 it u000 u ita r 020 $a88-7983-082-1* 032 $aLibriCat 040 $aPUL$bita 041 0 $alat$hger 100 1 $aNietzsche, Friedrich Wilhelm,$d1844-1900.$0(OLS)http://pul/name/664 240 14$aDer Anthichrist.$lItaliano.$0(OLS)http://pul/title/207627 245 12$aL'anticristo :$bmaledizione del cristianesimo /$cFriedrich Nietzsche ; introduzione di Mario Perniola . 260 $aRoma :$bNewton Compton,$cİ1996. 300 $a98 p. ;$c20 cm. 490 1 $aTascabili economici Newton. 100 pagine 1000 lire ;$v14 700 1 $aPerniola, Mario.$0(OLS)http://pul/name/79573 830 0$aTascabili economici Newton.$p100 pagine 1000 lire ;$v14.$0(OLS)http://pul/title/171959 850 $aPUL 852 $aPUL$W1$xDP1 Fondo Dalla Palma$y117$m3 C 78$j166214$qFondi$B195195$CPULBib$Z2$F195195 $HDal1645 $81 941 1 $a1 996 $6020$a88-7983-082-1*$9(OLS)http://pul/number/163959 996 $6245$aL'anticristo :$bmaledizione del cristianesimo$9(OLS)http://pul/title/207628 996 $6260$aRoma :$bNewton Compton$9(OLS)http://pul/publisher/50757 LEADER 01557nam a2200349 a 4500 001 000000129167 003 CaOOAMICUS 005 20140917104327.0 008 120605s2011 it bm u000 u ita r 020 $a978-88-88446-63-9 040 $aPUL$bita 082 04$a232.91 100 1 $aIlzo Daniel, Lazaro.$0(OLS)http://pul/name/82676 245 13$aLa mediazione materna di Maria in Cristo negli insegnamenti di Giovanni Paolo II /$cLazaro Ilzo Daniel ; prefazione di Manfred Hauke. 260 $aLugano :$bEuPress,$c2011. 300 $a240 p. ;$c23 cm 490 1 $aCollana di Mariologia ;$v9 504 $aBibliografia p. 213-221. 600 04$aIohannes Paulus PP.$bII,$cs.,$d1920-2005$xConcezione di Maria.$0(OLS)http://pul/subject/38719 650 4$aMariologia.$0(OLS)http://pul/subject/28018 700 1 $aHauke, Manfred,$csacerdote,$d1956-$0(OLS)http://pul/name/26742 830 0$aCollana di mariologia ;$v9.$0(OLS)http://pul/title/140906 850 $aPUL 852 $aPUL$W1$xDP2 Religione 3$y114$m232. 91 ILZDA 1$j149570$qDDC 21$B148099$CPULBib$Z2$F148099 $H119297 $82 941 1 $a9 960 $aMaria Virgo,$cs.$928018 960 $aMaria Virgo,$cs.$928018 996 $6020$a978-88-88446-63-9$9(OLS)http://pul/number/149894 996 $6082$a232.91$9(OLS)http://pul/classification/543 996 $6245$aLa mediazione materna di Maria in Cristo negli insegnamenti di Giovanni Paolo II$9(OLS)http://pul/title/163217 996 $6260$aLugano :$bEuPress$9(OLS)http://pul/publisher/75991